[Event "43. Olimpiada Batumi 2018 Femenina"]
[Site "Batumi GEO"]
[Date "2018.09.25"]
[Round "2.1"]
[White "Baptista, Ana Filipa"]
[Black "Marrero Lopez, Yaniet"]
[Result "0-1"]
[WhiteElo "2008"]
[BlackElo "2281"]
[PlyCount "82"]
[EventDate "2018.09.24"]
[EventType "team-swiss"]
[EventRounds "11"]
[EventCountry "GEO"]
[SourceTitle "Ajedrez en Madrid"]
[Source "lmi"]
[SourceDate "2018.09.24"]
[WhiteTeam "Portugal"]
[BlackTeam "Cuba"]
[WhiteTeamCountry "POR"]
[BlackTeamCountry "CUB"]

1. e4 e5 2. Nf3 Nc6 3. Bb5 a6 4. Ba4 Nf6 5. d3 b5 6. Bb3 Bb7 7. c3 Be7 8. O-O
O-O 9. Re1 h6 10. h3 Re8 11. Nbd2 Bf8 12. a4 d5 13. axb5 axb5 14. Rxa8 Bxa8 15.
exd5 Nxd5 16. d4 Nf4 17. Ne4 Ng6 18. Bxf7+ Kxf7 19. Qb3+ Ke7 20. Nc5 Qd6 21.
Ng5 Nd8 22. Nge4 Qd5 23. Qxb5 Kf7 24. c4 Qc6 25. Qxc6 Nxc6 26. d5 Nd4 27. Be3
Nc2 28. Rd1 Rb8 29. Ne6 c6 30. Nc7 cxd5 31. cxd5 Bb7 32. Ba7 Rc8 33. Bb6 Nd4
34. Bxd4 Rxc7 35. d6 Rd7 36. Nc5 Rxd6 37. Nxb7 Rxd4 38. Nd8+ Kf6 39. Rxd4 exd4
40. Nc6 Bc5 41. Kf1 Ke6 0-1

[Event "43. Olimpiada Batumi 2018 Femenina"]
[Site "Batumi GEO"]
[Date "2018.09.25"]
[Round "2.2"]
[White "Arribas Robaina, Maritza"]
[Black "Coimbra, Margarida"]
[Result "1-0"]
[WhiteElo "2243"]
[BlackElo "2068"]
[PlyCount "83"]
[EventDate "2018.09.24"]
[EventType "team-swiss"]
[EventRounds "11"]
[EventCountry "GEO"]
[SourceTitle "Ajedrez en Madrid"]
[Source "lmi"]
[SourceDate "2018.09.24"]
[WhiteTeam "Cuba"]
[BlackTeam "Portugal"]
[WhiteTeamCountry "CUB"]
[BlackTeamCountry "POR"]

1. e4 e5 2. Nf3 Nc6 3. Bb5 a6 4. Ba4 Nf6 5. O-O b5 6. Bb3 Bc5 7. d3 d6 8. a4
Rb8 9. axb5 axb5 10. Be3 Bxe3 11. fxe3 O-O 12. Qe1 Be6 13. Bxe6 fxe6 14. Ng5
Qd7 15. Ra6 Ra8 16. Rxa8 Rxa8 17. Nc3 Ne7 18. Qg3 Ng6 19. Qh3 Nf8 20. Qg3 Ng6
21. h4 b4 22. Nd1 Ra1 23. Qh3 Nf8 24. Qf3 h6 25. Nh3 Ng6 26. g3 Qc6 27. Qe2 Rc1
28. c3 bxc3 29. Nxc3 Rxf1+ 30. Kxf1 Qa6 31. Nf2 Qa1+ 32. Kg2 Qc1 33. d4 exd4
34. exd4 h5 35. e5 dxe5 36. dxe5 Ng4 37. Nxg4 hxg4 38. Kf2 Ne7 39. Ne4 Nf5 40.
Qd2 Qh1 41. Qd8+ Kh7 42. Ng5+ 1-0

[Event "43. Olimpiada Batumi 2018 Femenina"]
[Site "Batumi GEO"]
[Date "2018.09.25"]
[Round "2.3"]
[White "Silva, Mariana Sofia T"]
[Black "Llaudy Pupo, Lisandra"]
[Result "0-1"]
[WhiteElo "1924"]
[BlackElo "2294"]
[PlyCount "122"]
[EventDate "2018.09.24"]
[EventType "team-swiss"]
[EventRounds "11"]
[EventCountry "GEO"]
[SourceTitle "Ajedrez en Madrid"]
[Source "lmi"]
[SourceDate "2018.09.24"]
[WhiteTeam "Portugal"]
[BlackTeam "Cuba"]
[WhiteTeamCountry "POR"]
[BlackTeamCountry "CUB"]

1. e4 c5 2. Nf3 a6 3. c4 e6 4. Nc3 Qc7 5. a3 b6 6. d4 cxd4 7. Nxd4 Bb7 8. Be3
d6 9. Be2 Nf6 10. f3 Nbd7 11. O-O Be7 12. Rc1 Rc8 13. Qd2 O-O 14. Rfd1 Qb8 15.
Nc2 Bd8 16. Kh1 Bc7 17. Bg1 Kh8 18. Ne3 Rg8 19. Qe1 Ne5 20. b4 Ned7 21. Qd2 Qa8
22. Bf2 g5 23. Bg3 Ne5 24. Qd4 Nfd7 25. Ng4 f6 26. Nxe5 fxe5 27. Qe3 Rg7 28.
Rd2 Re8 29. Rcd1 Qb8 30. Na4 Bc6 31. Nc3 Nf6 32. Qd3 Nh5 33. Bf2 Nf4 34. Qe3
Reg8 35. Bg3 Rf8 36. Bf2 h5 37. Bf1 h4 38. Ne2 Nh5 39. Ng1 Kh7 40. Nh3 Rfg8 41.
Be1 Nf6 42. Nf2 Rg6 43. Ng4 Nxg4 44. fxg4 Qb7 45. Bd3 b5 46. c5 dxc5 47. Qxc5
R8g7 48. Qc2 h3 49. Bg3 hxg2+ 50. Kxg2 Rd7 51. Re1 Rd4 52. Bf2 Rd7 53. Rde2 Bb8
54. Bg3 Rf6 55. Rc1 Rd6 56. Bf2 Rf4 57. Kg3 Qf7 58. Rd1 Bc7 59. Be3 Rxd3 60.
Qxd3 Bxe4 61. Qd7 Rf3+ 0-1

[Event "43. Olimpiada Batumi 2018 Femenina"]
[Site "Batumi GEO"]
[Date "2018.09.25"]
[Round "2.4"]
[White "Miranda Llanes, Yerisbel"]
[Black "Silva, Ana Ines Teixeira D"]
[Result "1-0"]
[WhiteElo "2239"]
[BlackElo "1890"]
[PlyCount "59"]
[EventDate "2018.09.24"]
[EventType "team-swiss"]
[EventRounds "11"]
[EventCountry "GEO"]
[SourceTitle "Ajedrez en Madrid"]
[Source "lmi"]
[SourceDate "2018.09.24"]
[WhiteTeam "Cuba"]
[BlackTeam "Portugal"]
[WhiteTeamCountry "CUB"]
[BlackTeamCountry "POR"]

1. d4 Nf6 2. c4 e6 3. Nc3 Bb4 4. Nf3 O-O 5. Bg5 d5 6. e3 h6 7. Bh4 Nbd7 8. cxd5
exd5 9. Bd3 c5 10. O-O Bxc3 11. bxc3 b6 12. Bb5 Qc7 13. Bg3 Qb7 14. Qa4 Nb8 15.
Bd6 a6 16. Bd3 Bd7 17. Qa3 Rc8 18. dxc5 bxc5 19. Bxc5 Bb5 20. Rfb1 Qc6 21. Bxb5
axb5 22. Nd4 Qxc5 23. Qxa8 Nbd7 24. Qa5 Qxc3 25. Qxc3 Rxc3 26. Nxb5 Rc2 27. a4
Ne4 28. a5 Nec5 29. a6 Nb6 30. Nd4 1-0

[Event "43. Olimpiada Batumi 2018 Femenina"]
[Site "Batumi GEO"]
[Date "2018.09.25"]
[Round "2.1"]
[White "Rapport, Jovana"]
[Black "Mezioud, Amina"]
[Result "1-0"]
[WhiteElo "2348"]
[BlackElo "2056"]
[PlyCount "119"]
[EventDate "2018.09.24"]
[EventType "team-swiss"]
[EventRounds "11"]
[EventCountry "GEO"]
[SourceTitle "Ajedrez en Madrid"]
[Source "lmi"]
[SourceDate "2018.09.24"]
[WhiteTeam "Serbia"]
[BlackTeam "Algeria"]
[WhiteTeamCountry "SRB"]
[BlackTeamCountry "ALG"]

1. d4 Nf6 2. Nc3 e6 3. e4 d5 4. exd5 exd5 5. Bg5 c6 6. Bd3 Bd6 7. Qd2 Be6 8.
Nge2 h6 9. Bf4 Nh5 10. Bxd6 Qxd6 11. f3 Nd7 12. g4 Nhf6 13. O-O-O O-O-O 14. h4
Nb6 15. Nf4 Rde8 16. g5 Nfd7 17. Nh5 Qf8 18. Rde1 hxg5 19. hxg5 g6 20. Nf4 Rxh1
21. Rxh1 Qe7 22. Nxe6 Qxe6 23. b3 Qe3 24. Qxe3 Rxe3 25. Rh3 Kc7 26. Kd2 Re7 27.
Rh8 Nc8 28. Nd1 Nd6 29. c4 Re8 30. Rxe8 Nxe8 31. cxd5 cxd5 32. Nc3 Nb6 33. a4
a5 34. Nb5+ Kd7 35. Bf1 Ke7 36. f4 Nd6 37. Nc3 Ne8 38. Bh3 Nc7 39. Ne2 Ne8 40.
Kc3 Kd6 41. b4 axb4+ 42. Kxb4 Nc7 43. Nc1 Nc4 44. Nd3 b6 45. Ne5 Na6+ 46. Kc3
Nxe5 47. dxe5+ Kc5 48. f5 d4+ 49. Kd2 gxf5 50. e6 Kd6 51. exf7 Ke7 52. g6 Nc5
53. Bxf5 Nxa4 54. Kd3 Nc3 55. Kxd4 Ne2+ 56. Ke5 Ng3 57. Bg4 b5 58. Kf4 Nf1 59.
Kg5 Ne3 60. Be6 1-0

[Event "43. Olimpiada Batumi 2018 Femenina"]
[Site "Batumi GEO"]
[Date "2018.09.25"]
[Round "2.2"]
[White "Latreche, Sabrina"]
[Black "Eric, Jovana"]
[Result "0-1"]
[WhiteElo "2056"]
[BlackElo "2261"]
[PlyCount "148"]
[EventDate "2018.09.24"]
[EventType "team-swiss"]
[EventRounds "11"]
[EventCountry "GEO"]
[SourceTitle "Ajedrez en Madrid"]
[Source "lmi"]
[SourceDate "2018.09.24"]
[WhiteTeam "Algeria"]
[BlackTeam "Serbia"]
[WhiteTeamCountry "ALG"]
[BlackTeamCountry "SRB"]

1. e4 d6 2. d4 Nf6 3. Nc3 g6 4. Bc4 Bg7 5. h3 O-O 6. Nf3 c6 7. a4 Nxe4 8. Nxe4
d5 9. Bd3 dxe4 10. Bxe4 Nd7 11. a5 Nf6 12. Bd3 Qd6 13. c3 c5 14. dxc5 Qxc5 15.
Be3 Qc7 16. Bd4 Nh5 17. Bxg7 Kxg7 18. Be4 Rd8 19. Qb3 Nf6 20. Qc2 Qf4 21. Ra4
Nxe4 22. Rxe4 Qc7 23. Qa4 Rd5 24. O-O Bf5 25. Rh4 Rxa5 26. Qd4+ e5 27. Qe3 f6
28. Qh6+ Kg8 29. Rd1 Be6 30. Rb4 Rd5 31. Rxd5 Bxd5 32. Nh2 Be6 33. Nf1 Rd8 34.
Ne3 b6 35. Qh4 Kg7 36. Ng4 Bxg4 37. Qxg4 Qd6 38. Qc4 Rd7 39. Qc8 Qc7 40. Rc4
Qxc8 41. Rxc8 f5 42. Kf1 Kf6 43. Rc6+ Kg5 44. Ke2 f4 45. h4+ Kxh4 46. Re6 Kg5
47. Rxe5+ Kf6 48. Rb5 Ke6 49. Kf3 Rd2 50. g3 fxg3 51. fxg3 Rd5 52. Rb4 h5 53.
Re4+ Kf6 54. Ra4 Rd3+ 55. Kf2 Rd2+ 56. Kf3 Rxb2 57. Rxa7 Rb3 58. Rc7 g5 59. Ke4
g4 60. Kf4 Rb5 61. Rc6+ Ke7 62. c4 Rb4 63. Ke5 Kd7 64. Kd5 Rb3 65. Rh6 Rd3+ 66.
Ke4 Rxg3 67. Rxb6 h4 68. Rh6 h3 69. Kf4 Rg2 70. c5 h2 71. c6+ Kc7 72. Ke5 g3
73. Kd5 Rd2+ 74. Ke5 Rd1 0-1

[Event "43. Olimpiada Batumi 2018 Femenina"]
[Site "Batumi GEO"]
[Date "2018.09.25"]
[Round "2.3"]
[White "Velikic, Adela"]
[Black "Toubal, Hayat"]
[Result "0-1"]
[WhiteElo "2339"]
[BlackElo "1862"]
[PlyCount "70"]
[EventDate "2018.09.24"]
[EventType "team-swiss"]
[EventRounds "11"]
[EventCountry "GEO"]
[SourceTitle "Ajedrez en Madrid"]
[Source "lmi"]
[SourceDate "2018.09.24"]
[WhiteTeam "Serbia"]
[BlackTeam "Algeria"]
[WhiteTeamCountry "SRB"]
[BlackTeamCountry "ALG"]

1. e4 c6 2. d4 d5 3. e5 c5 4. dxc5 e6 5. Nf3 Bxc5 6. Be2 Ne7 7. a3 a5 8. O-O
Nbc6 9. Bd3 Ng6 10. Qe2 Bd7 11. Re1 O-O 12. Be3 Bb6 13. Nbd2 Qc7 14. c3 Bxe3
15. Qxe3 Rfb8 16. c4 dxc4 17. Nxc4 b5 18. Ncd2 Nce7 19. Ng5 Bc6 20. Rac1 Qb6
21. Qg3 Rd8 22. Bxg6 Nxg6 23. Nde4 Bxe4 24. Nxe4 Qd4 25. Nd6 b4 26. axb4 Qxb4
27. Nc4 Rd4 28. Nd6 Rd8 29. h3 Nxe5 30. Nf5 exf5 31. Qxe5 g6 32. Rc7 Rd2 33.
Qf6 Rf8 34. Ree7 Rd1+ 35. Kh2 Qf4+ 0-1

[Event "43. Olimpiada Batumi 2018 Femenina"]
[Site "Batumi GEO"]
[Date "2018.09.25"]
[Round "2.4"]
[White "Nassr, Rania"]
[Black "Gajcin, Marina"]
[Result "0-1"]
[WhiteElo "1901"]
[BlackElo "2170"]
[PlyCount "48"]
[EventDate "2018.09.24"]
[EventType "team-swiss"]
[EventRounds "11"]
[EventCountry "GEO"]
[SourceTitle "Ajedrez en Madrid"]
[Source "lmi"]
[SourceDate "2018.09.24"]
[WhiteTeam "Algeria"]
[BlackTeam "Serbia"]
[WhiteTeamCountry "ALG"]
[BlackTeamCountry "SRB"]

1. d4 Nf6 2. Nc3 d5 3. Nf3 g6 4. Bf4 c6 5. e3 Bg7 6. Be2 O-O 7. Ne5 Nbd7 8. h4
h5 9. f3 Nxe5 10. Bxe5 Nd7 11. Bxg7 Kxg7 12. Qd3 b5 13. g4 Nf6 14. gxh5 Nxh5
15. Rg1 Rh8 16. O-O-O Nf6 17. f4 Kf8 18. h5 Nxh5 19. Rh1 b4 20. Na4 Bf5 21. Qd2
Qa5 22. b3 e6 23. Rh4 Be4 24. Rg1 Ke7 0-1

[Event "43. Olimpiada Batumi 2018 Femenina"]
[Site "Batumi GEO"]
[Date "2018.09.25"]
[Round "2.1"]
[White "Tan, Li Ting"]
[Black "Atalik, Ekaterina"]
[Result "0-1"]
[WhiteElo "2054"]
[BlackElo "2447"]
[PlyCount "82"]
[EventDate "2018.09.24"]
[EventType "team-swiss"]
[EventRounds "11"]
[EventCountry "GEO"]
[SourceTitle "Ajedrez en Madrid"]
[Source "lmi"]
[SourceDate "2018.09.24"]
[WhiteTeam "Malaysia"]
[BlackTeam "Turkey"]
[WhiteTeamCountry "MAS"]
[BlackTeamCountry "TUR"]

1. Nf3 Nf6 2. c4 g6 3. g3 Bg7 4. Bg2 d5 5. cxd5 Nxd5 6. Nc3 Nb6 7. d4 Nc6 8. e3
O-O 9. O-O Re8 10. h3 e5 11. d5 Na5 12. e4 c6 13. Nd2 cxd5 14. exd5 f5 15. Nb3
Nac4 16. Qe2 e4 17. f3 exf3 18. Qxf3 Bd7 19. Qf2 Rc8 20. Nd4 Qe7 21. Ndb5 Qc5
22. Qxc5 Rxc5 23. a4 a6 24. Na3 Nxb2 25. Bxb2 Bxc3 26. Bxc3 Rxc3 27. a5 Na4 28.
Rf3 Rec8 29. Kf2 Rxf3+ 30. Bxf3 Rc3 31. Ra2 Nc5 32. Nb1 Rc1 33. Nd2 Kf7 34. Ke3
Ke7 35. Kd4 Bb5 36. Ra3 Kd6 37. Ke3 Rc2 38. Ra1 Rxd2 39. Kxd2 Nb3+ 40. Kc3 Nxa1
41. Kb2 Bc4 0-1

[Event "43. Olimpiada Batumi 2018 Femenina"]
[Site "Batumi GEO"]
[Date "2018.09.25"]
[Round "2.2"]
[White "Ozturk, Kubra"]
[Black "Bakri, Alia Anin Azwa"]
[Result "1-0"]
[WhiteElo "2345"]
[BlackElo "2005"]
[PlyCount "163"]
[EventDate "2018.09.24"]
[EventType "team-swiss"]
[EventRounds "11"]
[EventCountry "GEO"]
[SourceTitle "Ajedrez en Madrid"]
[Source "lmi"]
[SourceDate "2018.09.24"]
[WhiteTeam "Turkey"]
[BlackTeam "Malaysia"]
[WhiteTeamCountry "TUR"]
[BlackTeamCountry "MAS"]

1. d4 Nf6 2. c4 e6 3. g3 d5 4. Nf3 Bb4+ 5. Bd2 Be7 6. Bg2 O-O 7. Qc2 dxc4 8.
Qxc4 c6 9. O-O Nbd7 10. Qc2 Re8 11. e4 c5 12. Rd1 Qb6 13. Bc3 h6 14. d5 exd5
15. exd5 Bd6 16. Na3 Ne4 17. Re1 Ndf6 18. Nc4 Qc7 19. Nxd6 Qxd6 20. Bxf6 Nxf6
21. Rxe8+ Nxe8 22. Nd2 Nf6 23. Nc4 Qd8 24. a4 Rb8 25. a5 b6 26. Ne5 Bb7 27. Nc6
Bxc6 28. dxc6 Qe7 29. axb6 axb6 30. h3 Qc7 31. Qc4 Ne8 32. Qa6 Nd6 33. Qa7 Rc8
34. Qxc7 Rxc7 35. Rd1 Ne8 36. Rd8 Kf8 37. Rb8 Ke7 38. Rxb6 Nd6 39. Bd5 Kd8 40.
Ra6 Ke7 41. Ra5 c4 42. Rc5 f6 43. Kg2 Nc8 44. Bxc4 Kd6 45. b4 Rxc6 46. Rxc6+
Kxc6 47. Kf3 Nd6 48. Bd3 Kd5 49. Kg4 Nc8 50. b5 Ne7 51. h4 Kd4 52. Bf1 Kd5 53.
Bg2+ Kc5 54. Bc6 Kb6 55. Kf4 Kc5 56. Ke4 Kb6 57. Be8 Kc5 58. Bd7 Kd6 59. Bh3
Kc5 60. Bf1 g6 61. g4 Nd5 62. h5 gxh5 63. gxh5 Ne7 64. Bd3 Kd6 65. Kd4 Nd5 66.
Be4 Nb6 67. Bc6 Nc8 68. Kc4 Ne7 69. Bf3 Nc8 70. Kb4 Kc7 71. Ka5 Nd6 72. b6+ Kb8
73. Kb4 Nf7 74. Kc5 Ne5 75. Be4 Nd7+ 76. Kc6 Ne5+ 77. Kd6 Nc4+ 78. Ke6 Nxb6 79.
Kxf6 Nd7+ 80. Kg7 Ne5 81. f4 Ng4 82. Bf3 1-0

[Event "43. Olimpiada Batumi 2018 Femenina"]
[Site "Batumi GEO"]
[Date "2018.09.25"]
[Round "2.3"]
[White "Azman Hisham, Nur Nabila"]
[Black "Arda, Cagil Irmak"]
[Result "0-1"]
[WhiteElo "1943"]
[BlackElo "2096"]
[PlyCount "94"]
[EventDate "2018.09.24"]
[EventType "team-swiss"]
[EventRounds "11"]
[EventCountry "GEO"]
[SourceTitle "Ajedrez en Madrid"]
[Source "lmi"]
[SourceDate "2018.09.24"]
[WhiteTeam "Malaysia"]
[BlackTeam "Turkey"]
[WhiteTeamCountry "MAS"]
[BlackTeamCountry "TUR"]

1. d4 Nf6 2. c4 e6 3. Nf3 b6 4. g3 Bb4+ 5. Bd2 Bxd2+ 6. Nbxd2 Bb7 7. Qc2 c5 8.
dxc5 bxc5 9. Bg2 O-O 10. O-O Nc6 11. Rad1 Qc7 12. Rfe1 d6 13. Nb1 Nb4 14. Qd2
Ne4 15. Qf4 e5 16. Qh4 Nxa2 17. Nbd2 Nxd2 18. Rxd2 f6 19. Red1 Rfd8 20. Bh3 Bc8
21. Bxc8 Raxc8 22. Qg4 Nb4 23. Qe6+ Qf7 24. Qxf7+ Kxf7 25. Rxd6 Rxd6 26. Rxd6
Ke7 27. Rd2 Rc6 28. Ne1 Ra6 29. Nd3 Rd6 30. f3 f5 31. Rd1 e4 32. Nf2 e3 33. Nd3
g5 34. f4 gxf4 35. gxf4 Rd4 36. Ra1 Nxd3 37. Rxa7+ Kf6 38. exd3 Rxf4 39. Ra6+
Ke5 40. Ra8 Rf2 41. Rc8 Kf4 42. Rxc5 Rf3 43. Ra5 e2 44. Ra1 Rxd3 45. Re1 Rd1
46. Kf2 Rxe1 47. Kxe1 Ke3 0-1

[Event "43. Olimpiada Batumi 2018 Femenina"]
[Site "Batumi GEO"]
[Date "2018.09.25"]
[Round "2.4"]
[White "Okuyaz, Duru"]
[Black "Azhar, Puteri Munajjah Az-"]
[Result "1-0"]
[WhiteElo "2108"]
[BlackElo "1869"]
[PlyCount "71"]
[EventDate "2018.09.24"]
[EventType "team-swiss"]
[EventRounds "11"]
[EventCountry "GEO"]
[SourceTitle "Ajedrez en Madrid"]
[Source "lmi"]
[SourceDate "2018.09.24"]
[WhiteTeam "Turkey"]
[BlackTeam "Malaysia"]
[WhiteTeamCountry "TUR"]
[BlackTeamCountry "MAS"]

1. e4 d5 2. exd5 Qxd5 3. Nc3 Qa5 4. d4 Bf5 5. Bd2 c6 6. Bc4 e6 7. d5 Qc5 8. Qe2
cxd5 9. Nxd5 Nd7 10. Be3 Qa5+ 11. Bd2 Qc5 12. b4 Qc6 13. b5 Qd6 14. Bf4 Qa3 15.
Rd1 Rc8 16. b6 axb6 17. Bb5 Bb4+ 18. c3 Bxc3+ 19. Kf1 Rc6 20. Bxc6 bxc6 21. Bc1
Qa5 22. Nxc3 Ngf6 23. Qd2 O-O 24. Nce2 Qa6 25. Nf3 Nc5 26. Bb2 Nce4 27. Qd4 Nc5
28. Ne5 Qb5 29. f3 Na4 30. Ba1 c5 31. Qd6 Nd5 32. Kf2 Qa6 33. Nd7 Re8 34. Qg3
Bg6 35. Rhe1 Nb4 36. Qe5 1-0

[Event "43. Olimpiada Batumi 2018 Femenina"]
[Site "Batumi GEO"]
[Date "2018.09.25"]
[Round "2.1"]
[White "Houska, Jovanka"]
[Black "Arakhamia-Grant, Ketevan"]
[Result "0-1"]
[WhiteElo "2402"]
[BlackElo "2345"]
[PlyCount "98"]
[EventDate "2018.09.24"]
[EventType "team-swiss"]
[EventRounds "11"]
[EventCountry "GEO"]
[SourceTitle "Ajedrez en Madrid"]
[Source "lmi"]
[SourceDate "2018.09.24"]
[WhiteTeam "England"]
[BlackTeam "Scotland"]
[WhiteTeamCountry "ENG"]
[BlackTeamCountry "SCO"]

1. d4 Nf6 2. Nf3 c5 3. d5 b5 4. Bg5 Qb6 5. Bxf6 Qxf6 6. c3 Qb6 7. e4 g6 8. Nbd2
Bg7 9. a4 b4 10. Nc4 Qb7 11. Qc2 O-O 12. Be2 d6 13. O-O bxc3 14. bxc3 Qc7 15.
Nfd2 Nd7 16. Ne3 Rb8 17. Ra3 Nf6 18. Rb1 Rxb1+ 19. Qxb1 e6 20. Rb3 exd5 21.
exd5 Bh6 22. Ndc4 Ba6 23. Bf3 Re8 24. h3 Qd7 25. Rb2 Bf4 26. Qd1 Qe7 27. g3 Bh6
28. Qb1 Nd7 29. Bg2 Bg7 30. Rb3 h5 31. h4 Bh6 32. Bf1 Qf6 33. Qc2 Bxe3 34. Nxe3
Bxf1 35. Nxf1 Ne5 36. Nh2 Nf3+ 37. Nxf3 Qxf3 38. Qb1 Re2 39. Qf1 Rd2 40. Rb1
Qxc3 41. Qa6 Qd4 42. Rf1 c4 43. Qxd6 c3 44. Qc7 c2 45. d6 Qxd6 46. Qc8+ Qd8 47.
Qc6 Qd7 48. Qa8+ Kg7 49. Qf3 Qd3 0-1

[Event "43. Olimpiada Batumi 2018 Femenina"]
[Site "Batumi GEO"]
[Date "2018.09.25"]
[Round "2.2"]
[White "Roy, Ali"]
[Black "Ciuksyte, Dagne"]
[Result "0-1"]
[WhiteElo "1923"]
[BlackElo "2308"]
[PlyCount "70"]
[EventDate "2018.09.24"]
[EventType "team-swiss"]
[EventRounds "11"]
[EventCountry "GEO"]
[SourceTitle "Ajedrez en Madrid"]
[Source "lmi"]
[SourceDate "2018.09.24"]
[WhiteTeam "Scotland"]
[BlackTeam "England"]
[WhiteTeamCountry "SCO"]
[BlackTeamCountry "ENG"]

1. Nf3 Nf6 2. g3 d5 3. Bg2 c6 4. O-O Bf5 5. d3 h6 6. Nbd2 e6 7. Qe1 Be7 8. e4
Bh7 9. e5 Nfd7 10. h4 O-O 11. Nh2 c5 12. Ndf3 Nc6 13. Qe2 b5 14. h5 c4 15. Bf4
Qb6 16. Ng4 cxd3 17. cxd3 Nb4 18. Rfd1 Rfc8 19. Ne1 Bf8 20. a3 Nc6 21. Nf3 b4
22. Be3 Qb8 23. Bd4 Nc5 24. Bxc5 Bxc5 25. d4 Bf8 26. Bf1 bxa3 27. bxa3 Qb3 28.
Qe3 Na5 29. Bd3 Rc3 30. Rdb1 Rxd3 31. Rxb3 Nxb3 32. Qe1 Nxa1 33. Qxa1 Rxf3 34.
a4 Rb8 35. Kh2 Be4 0-1

[Event "43. Olimpiada Batumi 2018 Femenina"]
[Site "Batumi GEO"]
[Date "2018.09.25"]
[Round "2.3"]
[White "Head, Louise"]
[Black "Giulian, Rosemary A"]
[Result "1-0"]
[WhiteElo "2161"]
[BlackElo "1924"]
[PlyCount "95"]
[EventDate "2018.09.24"]
[EventType "team-swiss"]
[EventRounds "11"]
[EventCountry "GEO"]
[SourceTitle "Ajedrez en Madrid"]
[Source "lmi"]
[SourceDate "2018.09.24"]
[WhiteTeam "England"]
[BlackTeam "Scotland"]
[WhiteTeamCountry "ENG"]
[BlackTeamCountry "SCO"]

1. d4 e6 2. c4 Nf6 3. Nf3 Bb4+ 4. Nbd2 b6 5. a3 Bxd2+ 6. Qxd2 Bb7 7. e3 d6 8.
Bd3 O-O 9. b4 Nbd7 10. Qc2 Bxf3 11. gxf3 c5 12. dxc5 dxc5 13. Bb2 cxb4 14. axb4
e5 15. Ke2 g6 16. h4 Nh5 17. Be4 Qc7 18. Bxa8 Rxa8 19. Rhd1 Rc8 20. Ra3 Ndf6
21. c5 Qe7 22. Rc3 e4 23. fxe4 Nxe4 24. Rc4 Nf4+ 25. exf4 Nc3+ 26. Kd3 Nxd1 27.
Qxd1 Qxh4 28. Qf3 bxc5 29. Rxc5 Rd8+ 30. Rd5 Re8 31. Rd7 Rd8 32. Rxd8+ Qxd8+
33. Bd4 Qb8 34. Bc3 Qc8 35. Qd5 Qh3+ 36. Kc4 Qc8+ 37. Kb3 h5 38. Qe5 Qe6+ 39.
Qxe6 fxe6 40. Bf6 Kf7 41. Bg5 Ke8 42. Kc4 Kd7 43. Kb5 Kc7 44. Ka6 Kb8 45. Bh4
Ka8 46. f3 Kb8 47. Bf2 Ka8 48. Bxa7 1-0

[Event "43. Olimpiada Batumi 2018 Femenina"]
[Site "Batumi GEO"]
[Date "2018.09.25"]
[Round "2.4"]
[White "Espinosa Cancino, Monica"]
[Black "Maroroa, Sue"]
[Result "0-1"]
[WhiteElo "1655"]
[BlackElo "2112"]
[PlyCount "128"]
[EventDate "2018.09.24"]
[EventType "team-swiss"]
[EventRounds "11"]
[EventCountry "GEO"]
[SourceTitle "Ajedrez en Madrid"]
[Source "lmi"]
[SourceDate "2018.09.24"]
[WhiteTeam "Scotland"]
[BlackTeam "England"]
[WhiteTeamCountry "SCO"]
[BlackTeamCountry "ENG"]

1. d4 Nf6 2. c4 g6 3. Nf3 Bg7 4. g3 O-O 5. Bg2 d6 6. O-O Nc6 7. Nc3 Rb8 8. b3
a6 9. d5 Na5 10. Bd2 c5 11. dxc6 Nxc6 12. Rc1 h6 13. Ne1 Be6 14. Nd5 Ne8 15.
Nd3 Bf5 16. Bc3 Bxc3 17. Nxc3 Qd7 18. Nf4 g5 19. Nfd5 Bh3 20. f4 Bxg2 21. Kxg2
Ng7 22. Qd2 f6 23. Rcd1 b5 24. Ne3 bxc4 25. Qd5+ Qe6 26. Nxc4 Qxd5+ 27. Rxd5
Ne6 28. e3 Nc5 29. Rd2 Rfc8 30. Kf3 a5 31. Ne2 a4 32. bxa4 Rb4 33. Na3 Rxa4 34.
Nb5 Ne4 35. Rdd1 Rxa2 36. Kxe4 Rxe2 37. Rc1 d5+ 38. Kf3 Rxh2 39. Rc3 Rb2 40.
Rfc1 Rxb5 41. Rxc6 Rxc6 42. Rxc6 gxf4 43. gxf4 Kf7 44. f5 Rb8 45. Rc7 Rd8 46.
Rc1 d4 47. Rd1 d3 48. e4 d2 49. Ke3 e6 50. Rxd2 Rxd2 51. Kxd2 exf5 52. exf5 Ke7
53. Ke3 Kd6 54. Kd4 h5 55. Ke4 Kc5 56. Kf4 Kd5 57. Kg3 Ke4 58. Kh4 Kxf5 59.
Kxh5 Kf4 60. Kh4 Kf3 61. Kh3 f5 62. Kh2 f4 63. Kg1 Ke2 64. Kh1 f3 0-1

[Event "43. Olimpiada Batumi 2018 Femenina"]
[Site "Batumi GEO"]
[Date "2018.09.25"]
[Round "2.1"]
[White "Milovic, Aleksandra"]
[Black "Olsarova, Karolina"]
[Result "0-1"]
[WhiteElo "2176"]
[BlackElo "2303"]
[PlyCount "76"]
[EventDate "2018.09.24"]
[EventType "team-swiss"]
[EventRounds "11"]
[EventCountry "GEO"]
[SourceTitle "Ajedrez en Madrid"]
[Source "lmi"]
[SourceDate "2018.09.24"]
[WhiteTeam "Montenegro"]
[BlackTeam "Czech Republic"]
[WhiteTeamCountry "MNE"]
[BlackTeamCountry "CZE"]

1. c4 Nf6 2. e3 c6 3. b3 d5 4. Bb2 Bf5 5. Nf3 e6 6. Nh4 Bg4 7. Be2 Bxe2 8. Qxe2
a6 9. O-O Bd6 10. f4 O-O 11. g4 Re8 12. g5 Nfd7 13. Qg2 b5 14. f5 Ra7 15. g6
fxg6 16. fxe6 Qxh4 17. exd7 Rxd7 18. cxd5 cxd5 19. Nc3 d4 20. Ne2 Re4 21. Ng3
Bxg3 22. hxg3 Qe7 23. Rac1 Rd8 24. Bxd4 h5 25. Bb6 Re8 26. Rc7 Qe6 27. Bd4 Nd7
28. d3 Rg4 29. Rf4 Qd6 30. Rc6 Qe7 31. Rxg4 hxg4 32. Rxg6 Ne5 33. Qd5+ Qf7 34.
Qxf7+ Kxf7 35. Rxa6 Nf3+ 36. Kf2 Rh8 37. Ra7+ Ke6 38. Bxg7 Rh2+ 0-1

[Event "43. Olimpiada Batumi 2018 Femenina"]
[Site "Batumi GEO"]
[Date "2018.09.25"]
[Round "2.2"]
[White "Worek, Joanna"]
[Black "Stojanovic, Marija R"]
[Result "1-0"]
[WhiteElo "2295"]
[BlackElo "2113"]
[PlyCount "71"]
[EventDate "2018.09.24"]
[EventType "team-swiss"]
[EventRounds "11"]
[EventCountry "GEO"]
[SourceTitle "Ajedrez en Madrid"]
[Source "lmi"]
[SourceDate "2018.09.24"]
[WhiteTeam "Czech Republic"]
[BlackTeam "Montenegro"]
[WhiteTeamCountry "CZE"]
[BlackTeamCountry "MNE"]

1. d4 Nf6 2. c4 g6 3. Nc3 Bg7 4. e4 d6 5. h3 O-O 6. Be3 e5 7. d5 Nh5 8. g3 Qe8
9. Be2 f6 10. Nb5 Na6 11. Nxa7 Bd7 12. Nb5 b6 13. a4 Qf7 14. Nf3 Rfc8 15. Nh4
Bf8 16. Bxh5 gxh5 17. g4 hxg4 18. hxg4 c6 19. Nc3 cxd5 20. Nxd5 Rxc4 21. Nxb6
Nb4 22. Rc1 Rxc1 23. Bxc1 Bc6 24. Nxa8 Bxe4 25. Rh3 Bxa8 26. Nf5 Qc4 27. Qb3
Bd5 28. Qxc4 Bxc4 29. Be3 d5 30. Kd2 Nd3 31. Kc2 Bb4 32. Bb6 Nf4 33. Rf3 Be2
34. Rb3 Be1 35. Be3 Bxg4 36. Nh6+ 1-0